000 00517nam a22001817a 4500
005 20241018143453.0
008 241018b |||||||| |||| 00| 0 eng d
020 _a9780131442900
050 _aHB171.5
_b.C3123 CAS
100 _aKnight Tori
245 _aPrinciples of microeconomics/
_cKarl E. Case & Ray C. Fair
250 _a7th Ed.
260 _aNew Jersey
_bPearson Prentice Hall
_cc2004
300 _a645p.
_bill.
_c28cmx21.5cm
650 _2Microeconomics
700 _aFair Ray C.
942 _2lcc
_cBK
_e7th Ed.
_n0
999 _c62
_d62